000 00317nam a22001337a 4500
008 170508b xxu||||| |||| 00| 0 eng d
020 _a9780198763819
041 _aeng
080 _24 ED
_a34
100 _a14
101 _aSHJ
245 _aBASIC DOCUMENTS INTERNATIONAL LAW
_cBROWLINE.I
942 _2udc
_cBK
999 _c12854
_d12854